000 00295nam a22001337a 4500
008 171011b xxu||||| |||| 00| 0 eng d
020 _a9781556707124
041 _aeng
080 _a316
100 _a50
101 _aSOC
245 _aMOST WISE & VALIANT LADIES
_cHOPKINS,A
942 _2udc
_cBK
999 _c33037
_d33037